| 000 | 01199nam a2200241Ia 4500 | ||
|---|---|---|---|
| 999 |
_c54621 _d54621 |
||
| 001 | 21688 | ||
| 003 | GE_BSU | ||
| 005 | 20211214173740.0 | ||
| 008 | 181216s ||||ge |||||||||||||| ||geo|| | ||
| 040 | _cGE_BSU | ||
| 041 | _ageo | ||
| 080 | _a811.353.1(076.5) კ-49 | ||
| 100 |
_aკიზირია, ანტონ _97225 |
||
| 245 |
_aქართული ენა ფონეტიკისა და მორფოლოგიის პრაქტიკუმი : _bდამხმ. სახელმძღვ. პედ. ინსტიტუტების სტუდენტებისათვის / _cანტონ კიზირია ; რედ. ე. პოლოლიკაშვილი. |
||
| 264 |
_aთბილისი : _bგანათლება, _c1969. |
||
| 300 |
_a163 გვ. ; _c22 სმ. |
||
| 541 | _h0,86 თ. | ||
| 653 | _aპრაქტიკუმი | ||
| 653 | _aქართული ენა | ||
| 653 | _aფონეტიკისა და მორფოლოგიის პრაქტიკუმი | ||
| 700 |
_aპოლოლიკაშვილი, ე. _eრედაქტორი _913290 |
||
| 942 |
_cBK _2udc |
||